People in organizations: understanding their behavior

Saved in:
Bibliografiske detaljer
Hovedforfatter: Mitchell, Terence R. (autor)
Format: Bog
Sprog:engelsk
Udgivet: Nueva York McGraw-Hill 1978
Serier:McGraw-Hill Series in Management
Fag:
Tags: Tilføj Tag
Ingen Tags, Vær først til at tagge denne postø!

MARC

LEADER 00000nam a2200000 a 4500
001 UCQ1157
003 CL-VaPUC
008 980709e19780000US |||||||||||||||||eng|d
082 0 4 |a 658.3  |b MIT  |2 21 
100 |a Mitchell, Terence R.  |e autor  |9 414776 
245 1 0 |a People in organizations: understanding their behavior 
300 |a 481 p 
942 |c BK 
945 |d 19980709 00:00:00  |a cmena 
260 |a Nueva York  |b McGraw-Hill  |c 1978 
650 0 |a Administración del personal  |9 260442 
650 0 |a Comportamiento   |9 308406 
650 0 |a Recursos humanos   |9 228420 
650 0 |a Psicología industrial  |9 271739 
583 |a last modification  |c 19980709 00:00:00  |k Rodrigo Vera 
490 0 |a McGraw-Hill Series in Management 
999 |c 272161  |d 272159 
952 |0 0  |1 0  |4 0  |6 658_300000000000000_MIT_1978  |7 0  |8 P  |9 307032  |a BIBGIM  |b BIBGIM  |d 2019-11-20  |i 1433768  |o 658.3 MIT 1978  |p 1433768  |r 2025-01-15  |w 2019-11-20  |y BK  |k COM